History Quiz

Random History or Clickable Quiz

Those 12 Flags: Explorers Quiz Stats

 Plays Quiz not verified by Sporcle

Challenge
Share
Tweet
Score 0/12 Timer 03:00
2 Plays Today
% Correct
Ivan Moskvitin
92.6%
Nain Singh Rawat
91.3%
Jacques Cartier
88.9%
Shirase Nobu
87.6%
James Cook
84.9%
Christopher Columbus
84.5%
Alexander von Humboldt
83%
Sacagawea
80.4%
Hamilton Hume
63.5%
Louis Joliet
58.7%
Mike Horn
44.4%
Ernest Shackleton
42.7%

You're not logged in!

Compare scores with friends on all Sporcle quizzes.
OR
Log In

You Might Also Like...

Show Comments

Extras

Top Quizzes Today


Score Distribution

Your Account Isn't Verified!

In order to create a playlist on Sporcle, you need to verify the email address you used during registration. Go to your Sporcle Settings to finish the process.

Report this User

Report this user for behavior that violates our Community Guidelines.

Details: